000 00399cam a22001337a 4500
008 180718b1958 xxu||||| |||| 00| 0 eng d
082 _aH225x42 R911
100 _aRussell, Alison
245 _aMagistrate: a practical handbook for magistrates and justices of the peace
_cby Alison Russell
250 _a2nd ed.
260 _aLondon
_bButterworth
_c1958
300 _a165p
650 _aMagistrate-U.K.
999 _c427430
_d427430